000 00217 a2200097 4500
001 41190
100 _aPrcthy
245 _aJane's weapon system 1976
260 _aLondon
_bMc Graw-Hill & Co
_c
090 _c25413
_d25413
942 _aNUST-CAE
_cM
_c17129
999 _c276263
_d276263